000 00758nam a2200289Ia 4500
005 20260324113714.0
008 008 260324s9999 xx 000 0 eng d
020 _a9781003228226
037 _aEBOOK
040 _aCRL
040 _beng
040 _cCRL
041 _2eng
041 _aeng
084 _qCRL
100 _aJessica Fish; Shai Betteridge; Barbara A. Wilson
_91147848
245 0 _aRare Conditions, Diagnostic Challenges, and Controversies in Clinical Neuropsychology
245 0 _bOut of the Ordinary
260 _bTaylor and Francis
260 _c2023
365 _a
365 _b205
856 _uhttp://www.taylorfrancis.com/books/9781003228226
942 _cEBOOK
999 _c1737640
_d1737640